000
00299nam a22001217a 4500
008
170519b xxu||||| |||| 00| 0 eng d
041
_a
eng
080
_a
94(5)
100
_a
16
101
_a
SHH
245
_a
THE SAUDI-EGYPTIAN CONFLICT, OVER NORTH YEMEN, 1962-1970
_c
BADEEB, S.M
942
_2
udc
_c
BK
999
_c
13478
_d
13478